| 000 | 00698nam a2200217Ia 4500 | ||
|---|---|---|---|
| 005 | 20250508164728.0 | ||
| 008 | 008 250505s9999 xx 000 0 eng d | ||
| 020 | _a92-3-103485-5 | ||
| 037 | _aTextual | ||
| 040 |
_aFEDL _beng _cFEDL |
||
| 041 |
_aeng _2eng |
||
| 084 |
_a376, UNE _qFEDL |
||
| 245 | 0 | _aGirls' and women's education: Policies and implementation mechanisms: Synthesis of five case studies: India, Indonesia, Laos, Nepal, Thailand | |
| 245 | 0 | _cUNESCO | |
| 260 |
_aThailand _bUNESCO Principal Regional Office for Asia and the Pacific _c1998 |
||
| 300 | _a19p. | ||
| 365 |
_aUSD _b5 |
||
| 546 | _aMACESE | ||
| 942 |
_cTEXL _h376, UNE |
||
| 999 |
_c1390795 _d1390795 |
||